Tecnología de las maquinas, herramientas
| Main Authors: | , , |
|---|---|
| Format: | Section = Libro |
| Language: | Undetermined Spanish |
| Published: |
México
Alfaomega
2002
|
| Edition: | 5a.ed. |
| Subjects: |
| LEADER | 00588nam a2200229Ia 4500 | ||
|---|---|---|---|
| 008 | 240829s9999 xx 000 0 und d | ||
| 020 | |a 970-15-0368-3 | ||
| 040 | |a BIBLIOTECA-RUSB/ 621.902 K89 | ||
| 041 | |a spa | ||
| 082 | |a 621.902 K89 | ||
| 100 | 1 | |a Krar, Steve F. | |
| 100 | 1 | |b Oswald, J.W. | |
| 100 | 1 | |c Amand, J.E St | |
| 245 | 1 | 0 | |a Tecnología de las maquinas, herramientas |
| 250 | |a 5a.ed. | ||
| 260 | |a México |b Alfaomega |c 2002 | ||
| 300 | |a 879 p. :il. | ||
| 650 | 7 | |a MAQUINAS HERRAMIENTAS | |
| 650 | 7 | |b INGENIERIA MECANICA | |
| 942 | |c BK |2 ddc | ||
| 991 | |a TEXTO | ||
| 999 | |c 3622 | ||